Gramática latina / (Record no. 183091)

MARC details
000 -LEADER
campo de control de longitud fija 00558nam a22001811i 4500
001 - NÚMERO DE CONTROL
campo de control 183091
003 - IDENTIFICADOR DE NÚMERO DE CONTROL
campo de control ES-MaACL
005 - FECHA Y HORA DE LA ÚLTIMA TRANSACCIÓN
campo de control 20230906221806.0
008 - DATOS DE LONGITUD FIJA--INFORMACIÓN GENERAL
campo de control de longitud fija 140115s1953 sp |||| | spa d
080 ## - NÚMERO DE LA CLASIFICACIÓN DECIMAL UNIVERSAL
Número de la Clasificación Decimal Universal 811.124'36
100 1# - ENTRADA PRINCIPAL--NOMBRE DE PERSONA
Nombre de persona Marín Peña, Manuel.
9 (RLIN) 76806
245 10 - MENCIÓN DEL TÍTULO
Título Gramática latina /
Mención de responsabilidad, etc. Manuel Marín y Peña.
250 ## - MENCION DE EDICION
Mención de edición [3ª ed. corr.].
260 ## - PUBLICACIÓN, DISTRIBUCIÓN, ETC.
Lugar de publicación, distribución, etc. Madrid :
Nombre del editor, distribuidor, etc. Saeta,
Fecha de publicación, distribución, etc. 1953 (
Fabricante Gráficas Reunidas)
300 ## - DESCRIPCIÓN FÍSICA
Extensión 207 p. ;
Dimensiones 21 cm.
650 04 - PUNTO DE ACCESO ADICIONAL DE MATERIA--TÉRMINO DE MATERIA
Término de materia o nombre geográfico como elemento de entrada Lengua latina-
Subdivisión general Gramática.
9 (RLIN) 14300
852 ## - LOCALIZACIÓN
Ubicación ES-MaACL
Número de control de estantería L-29906
Nota libre .- Donat. Miguel A. Velasco
Holdings
Estatus retirado Estado de pérdida Estado de daño No para préstamo Biblioteca de origen Biblioteca actual Ubicación en estantería Fecha de adquisición Fuente de adquisición Total de préstamos Signatura topográfica completa Código de barras Visto por última vez Precio de reemplazo Tipo de ítem Koha
        Biblioteca del Ateneo de Madrid Biblioteca del Ateneo de Madrid Depósito 2 15/01/2014     L-29906 1192430 23/02/2023 23/02/2023 Libro impreso